| 000 | 01166nam a22003017a 4500 | ||
|---|---|---|---|
| 001 | 9933 | ||
| 003 | FISKH | ||
| 005 | 20260317123726.0 | ||
| 008 | 260317b cb ||||| |||| 00| 0 eng d | ||
| 020 | _a155037009X | ||
| 040 |
_aFISKH _beng _cFISKH _dFISKH |
||
| 050 | _aPZ7 .M927 .P | ||
| 082 | _a813.54 | ||
| 100 | _aMunsch , Robert | ||
| 245 |
_aA promise is a promise / _cStory Robert Munsch & Michael Kusugak : Art Vladyana Krykorka |
||
| 250 | _aForty-first printing , January 2016 | ||
| 260 |
_aOntario : _bBob Munsch Enterprises Ltd. , _c1988. |
||
| 300 |
_a28 unnumbered pages : _bcolor illustrations ; _c20 X 20 cm . |
||
| 505 | _aO | ||
| 520 | _aJuvenile Fiction. Picture Book Fiction. HTML:When Allashua disobeys her parents and goes fishing on the sea ice, she has to use her wits to escape and to further trick the Qallupilluit when she promises to bring her brothers and sisters back to them. | ||
| 521 | 8 |
_a600
_bLexile |
|
| 521 | 8 |
_aO
_bRaz-Plus |
|
| 650 |
_aIndigenous _vChildren's Books |
||
| 650 |
_aDiversity _vChildren's Books |
||
| 700 |
_aKrykorka , Vladyana _eIllustrator |
||
| 942 |
_2ddc _cBK _n0 |
||
| 999 |
_c9933 _d9933 |
||